<?xml version="1.0" encoding="UTF-8"?>
<collection xmlns="http://www.loc.gov/MARC21/slim">
<record>
  <controlfield tag="001">145354</controlfield>
  <controlfield tag="005">20241024135330.0</controlfield>
  <datafield tag="024" ind1="7" ind2=" ">
    <subfield code="2">doi</subfield>
    <subfield code="a">10.26754/ojs_zarch/zarch.2018113223</subfield>
  </datafield>
  <datafield tag="024" ind1="8" ind2=" ">
    <subfield code="2">sideral</subfield>
    <subfield code="a">140144</subfield>
  </datafield>
  <datafield tag="037" ind1=" " ind2=" ">
    <subfield code="a">ART-2017-140144</subfield>
  </datafield>
  <datafield tag="041" ind1=" " ind2=" ">
    <subfield code="a">spa</subfield>
  </datafield>
  <datafield tag="100" ind1=" " ind2=" ">
    <subfield code="a">Dean Álvarez-Castellanos, Alejandro</subfield>
    <subfield code="u">Universidad de Zaragoza</subfield>
    <subfield code="0">(orcid)0000-0002-3291-3643</subfield>
  </datafield>
  <datafield tag="245" ind1=" " ind2=" ">
    <subfield code="a">O. S. Pierini, A. Isastia - Case milanesi 1923-1973. Cinquant’anni di architettura residenziale a Milano</subfield>
  </datafield>
  <datafield tag="260" ind1=" " ind2=" ">
    <subfield code="c">2017</subfield>
  </datafield>
  <datafield tag="520" ind1="3" ind2=" ">
    <subfield code="a">Orsina Simona Pierini y Alessandro Isastia. Case milanesi 1923-1973. Cinquant’anni di architettura residenziale a Milano Milán, Ulrico Hoepli Editore S.p.A., 2017, 512 págs. Formato: 24x30 cm. Rústica con cubierta dura plastificada. Idioma: italiano, inglés. 59,41€. ISBN: 9788820380915. Rodeado de todo lo que ama y necesita para su comodidad, el arquitecto Cino Zucchi, gran conocedor y estudioso de la arquitectura milanesa,  nos  desvela  en  la  introducción  del  libro  que  nos  ocupa  sus  sensaciones  y  percepcio-nes desde la casa que habita, una casa cual-quiera,  una  casa  burguesa  reconstruida  en  1949-51  por  los  arquitectos  Gustavo  y  Vito  Latis.  Semi-acostado  en  su  sofá,  nos  descri-be  la  secuencia  de  objetos  y  elementos  que  se  muestran  a  su  alrededor,  hasta  detenerse  en la ventana de su balcón, que todavía cum-ple la función, con oficio y honor, para lo que fue concebida, según puntualiza. Su mirada a través, le permite aprehender un fragmento de ciudad, que de forma directa o indirecta forma parte de esa secuencia de objetos y elementos que tanto admira, como es el caso de su dis-creto vecino en via Lanzone 4, el Condominio XXI  construido  por  los  arquitectos  Asnago  y  Vender en 1951-53...</subfield>
  </datafield>
  <datafield tag="506" ind1="0" ind2=" ">
    <subfield code="a">Access copy available to the general public</subfield>
    <subfield code="f">Unrestricted</subfield>
  </datafield>
  <datafield tag="540" ind1=" " ind2=" ">
    <subfield code="9">info:eu-repo/semantics/openAccess</subfield>
    <subfield code="a">by-nc-nd</subfield>
    <subfield code="u">http://creativecommons.org/licenses/by-nc-nd/3.0/es/</subfield>
  </datafield>
  <datafield tag="655" ind1=" " ind2="4">
    <subfield code="a">info:eu-repo/semantics/other</subfield>
    <subfield code="v">info:eu-repo/semantics/publishedVersion</subfield>
  </datafield>
  <datafield tag="710" ind1="2" ind2=" ">
    <subfield code="1">5010</subfield>
    <subfield code="2">715</subfield>
    <subfield code="a">Universidad de Zaragoza</subfield>
    <subfield code="b">Unidad Predepartam. Arquitect.</subfield>
    <subfield code="c">Área Proyectos Arquitectónicos</subfield>
  </datafield>
  <datafield tag="773" ind1=" " ind2=" ">
    <subfield code="g">11 (2017), 216</subfield>
    <subfield code="p">ZARCH</subfield>
    <subfield code="t">ZARCH</subfield>
    <subfield code="x">2341-0531</subfield>
  </datafield>
  <datafield tag="856" ind1="4" ind2=" ">
    <subfield code="s">4290470</subfield>
    <subfield code="u">http://zaguan.unizar.es/record/145354/files/texto_completo.pdf</subfield>
    <subfield code="y">Versión publicada</subfield>
  </datafield>
  <datafield tag="856" ind1="4" ind2=" ">
    <subfield code="s">4985381</subfield>
    <subfield code="u">http://zaguan.unizar.es/record/145354/files/texto_completo.jpg?subformat=icon</subfield>
    <subfield code="x">icon</subfield>
    <subfield code="y">Versión publicada</subfield>
  </datafield>
  <datafield tag="909" ind1="C" ind2="O">
    <subfield code="o">oai:zaguan.unizar.es:145354</subfield>
    <subfield code="p">articulos</subfield>
    <subfield code="p">driver</subfield>
  </datafield>
  <datafield tag="951" ind1=" " ind2=" ">
    <subfield code="a">2024-10-24-12:11:06</subfield>
  </datafield>
  <datafield tag="980" ind1=" " ind2=" ">
    <subfield code="a">ARTICLE</subfield>
  </datafield>
</record>
</collection>